01477cam a2200313 a 450000100100000000500170001000800410002702000150006803500190008304000300010208200210013210000430015324501750019626000980037130000280046949000330049750400630053050400360059359000620062960000970069165000450078865000460083365000570087983000420093691000340097804900090101295201250102199900170114600001244720200929163026.0900815s1990 sp a b s000 0bspa  a8477531226 a(DLC) 90185436 aDO-SdBNPcDLCdDLCdBNPHU a370.94682bG261e1 aGato Castaño, Purificación.92916513aLa educación en el Virreinato del Río de la Plata :bacción de José Antonio de San Alberto en la audiencia de Charcas, 1768-1810 /cPurificación Gato Castaño. a[Zaragoza] :bDiputación General de Aragón. Departamento de Cultura y Educación,c1990. a374 p. :bil. ;c27 cm.1 aEstudios y monografíasv11 aIncluye fuentes documentales manuscritas y bibliografía. aBibliografía: (p. [351]-370). aLa biblioteca posee 1 ejemplar autografiado por el autor.14aSAN ALBERTO, JOSÉ ANTONIO,cARZOBISPO DE LA PLATA (ARGENTINA),d1727-1804xESCRITOS929166 4aEducaciónzEspañay1768-1810.929167 4aEducaciónzArgentinay1768-1810.929168 4aCartas pastoraleszLa Plata (Argentina{Rpara}929169 0aEstudios y monografías ;v11929170 aCatalogación por copia / LC aBNGR 001052708MOaGRbGRcCTd2009-11-12iLF1l0o370.94682 G261ep12447-10r2020-06-25w2020-06-25y2ZPréstamo interno c12104d12104